Principles and Practices of Organic Farming (Record no. 14593)
[ view plain ]
| 000 -LEADER | |
|---|---|
| fixed length control field | 00398nam a22001457a 4500 |
| 020 ## - INTERNATIONAL STANDARD BOOK NUMBER | |
| ISBN | 9789381226674 |
| 082 ## - DEWEY DECIMAL CLASSIFICATION NUMBER | |
| Classification number | 631.584. |
| Item number | BAL/PR |
| 100 ## - MAIN ENTRY--AUTHOR NAME | |
| Personal name | Balasubramanian R. |
| 100 ## - MAIN ENTRY--AUTHOR NAME | |
| Personal name | Balakrishnan K. |
| 100 ## - MAIN ENTRY--AUTHOR NAME | |
| Personal name | Sivasubramanian K. |
| 245 ## - TITLE STATEMENT | |
| Title | Principles and Practices of Organic Farming |
| 260 ## - PUBLICATION, DISTRIBUTION, ETC. (IMPRINT) | |
| Place of publication | Delhi |
| Name of publisher | Satish Serial Publishing House |
| Year of publication | 2013 |
| 300 ## - PHYSICAL DESCRIPTION | |
| Number of Pages | 453 |
| 942 ## - ADDED ENTRY ELEMENTS (KOHA) | |
| Koha item type | Books |
| Withdrawn status | Lost status | Damaged status | Collection code | Home library | Current library | Shelving location | Date acquired | Source of acquisition | Cost, normal purchase price | Full call number | Accession Number | Koha item type |
|---|---|---|---|---|---|---|---|---|---|---|---|---|
| KAUAET | KAUAET | General Stacks | 19/07/2016 | Arunima Book Distributors,TVPM | 1950.00 | 631.584. BAL/PR | 24574 | Books | ||||
| Non-fiction | KAUAET | KAUAET | General Stacks | 27/05/2019 | 3450.00 | 631.584. BAL/PR | 25909 | Books |
